000 00815nam a2200277Ia 4500
003 OSt
005 20220918191932.0
006 a|||||r|||| 00| 0
007 ta
008 220917b |||||||| |||| 00| 0 eng d
024 _a65,978
037 _cTextual
040 _aARTS
_cARTS
_beng
041 _2eng
_aeng
082 _aR3xC57:g, K8
100 _aSinnige Theo Gerard
_977731
245 0 _aMatter and infinity in the presoerative schools and plato
250 _a2nd
260 _aVan
_bGorcum Assen Memlxxi
_c1968
300 _a252p.
_ccm.
490 _aWijsqerige Teksten in studies philosophical texts and studies ed by Onder Vedicate Van
500 _aBib 217-39p
650 _aPHILOSOPHY
942 _hR3xC57:g, K8
_cTEXL
_2CC
999 _c192215
_d192215